O pinto careca (Registo nº 2087)

Detalhes MARC
000 -Etiqueta do registo
Cabeçalho 00964nam a22003251 4500
005 - Identificador da versão
Campo de controlo 20240813121924.0
095 ## -
-- PTBN00797859
010 ## - Número internacional normalizado dos livros (ISBN)
Número (ISBN) 9728781210
021 ## - Número do Depósito Legal
Código do país PT
Número 206518/04
100 ## - Dados gerais de processamento
Dados gerais de processamento 20060928d2004 cd y0pory5003 ba
102 ## - Pais de publicação ou produção
País de publicação Portugal
101 1# - Língua de publicação
Língua do texto, banda sonora, etc. Português
Língua do documento no original Espanhol
106 ## - Campo de dados codificados: material textual
Dados codificados do material textual r
105 ## - Campo de dados codificados: livros
Dados codificados dos livros a z 000fy
215 ## - Descrição física 
Indicação específica da natureza do documento e extensão da espécie [34] p.
Outras indicações físicas muito il.
Dimensões 20 cm
200 1# - Titulo e menção de responsabilidade
Título próprio O pinto careca
Informação de outro título conto popular português
Primeira menção de responsabilidade texto de Marisa Núñez
Outras menções de responsabilidade il. Helle Thomassen
-- trad. Alexandre Honrado
225 2# - Colecção 
Título próprio da colecção Livros para sonhar
205 ## - Menção da edição
Menção da edição 1ª ed.
210 ## - Publicação, Distribuição, etc. 
Lugar da edição, distribuição, etc. Lisboa
Nome do editor, distribuidor, etc. Kalandraka
Data da publicação, distribuição, etc. 2004
304 ## - Notas relativas a título e menção de responsabilidade 
Texto da nota Tít. orig.: O pito cairo
606 ## - Nome comum usado como assunto
Número de registo de entrada de autoridade 0000001
Palavra de ordem Literatura estrangeira infantil
Subdivisão de assunto Conto
675 ## - Classificação Decimal Universal (CDU)
Notação 82-34
Edição
Língua da edição por
702 #1 - Nome de autor-pessoa física (responsabilidade secundária)
Número de registo de entrada de autoridade 0000515
Palavra de ordem Honrado
Outra parte do nome não tomada para palavra de ordem Alexandre
Código de função Tradutor
701 #1 - Nome de autor-pessoa física (co-responsabilidade principal)
Palavra de ordem Thomassen
Outra parte do nome não tomada para palavra de ordem Helle
Código de função Ilustrador / Técnico de desenho computorizado
700 #1 - Nome de autor-pessoa física (responsabilidade principal)
Número de registo de entrada de autoridade 0000827
Palavra de ordem Núñez
Outra parte do nome não tomada para palavra de ordem Marisa
942 ## - Elementos de entrada adicionados (Koha)
Tipo de item no Koha Livro
Exemplares
Situação do levantamento Origin of item (home branch) (coded) Biblioteca de empréstimo Código de barras Cota Circulation type (not for loan) Tipo de documento Nota do exemplar Damaged status
  Biblioteca Escolar da Coca Maravilhas Biblioteca Escolar da Coca Maravilhas BECM7555/06 8EST NUN   Livro Sem mensagem